Statistics for Musical Acts from Canada

Click here to take the quiz!

General Stats

  • This quiz has been taken 20 times
    (15 since last reset)
  • The average score is 7 of 25

Answer Stats

Answer% Correct
Celine Dion
64%
Justin Bieber
64%
Drake
57%
Neil Young
57%
Bryan Adams
50%
Rush
50%
Avril Lavigne
43%
Gordon Lightfoot
43%
The Guess Who
43%
Alanis Morissette
36%
Bachman-Turner Overdrive
36%
Nickelback
36%
Arcade Fire
29%
The Band
21%
Barenaked Ladies
14%
Corey Hart
14%
The Tragically Hip
14%
Andy Kim
7%
Steppenwolf
7%
Sum 41
7%
April Wine
0%
David Foster
0%
Eidolon
0%
Frank Mills
0%
Loverboy
0%

Score Distribution

Percentile by Number Answered

Percent of People with Each Score

Your Score History

You have not taken this quiz since the last reset